00274pam a2200121 a 4500020000500000041000500005082001500010100002600025245005400051250001000105260002100115300001600136 c h a759.4bCOL aCheryl Dangel Cullen. aLarge GraphicsbLarge GraphicshTextual Documents a2000. a[s.l]:bRockport a175:bHard.